Online katalóg knižníc regiónu Turca

Anička má prázdniny (Record no. 21437)

MARC details
000 -LEADER
fixed length control field 01953cam a2200577 a 4500
001 - CONTROL NUMBER
control field 21437
003 - CONTROL NUMBER IDENTIFIER
control field VRT
005 - DATE AND TIME OF LATEST TRANSACTION
control field 20260302111705.0
008 - FIXED-LENGTH DATA ELEMENTS--GENERAL INFORMATION
fixed length control field 240318s2016 xo a a 000 j slo
015 ## - NATIONAL BIBLIOGRAPHY NUMBER
National bibliography number SNBA2017/01
020 ## - INTERNATIONAL STANDARD BOOK NUMBER
International Standard Book Number 9788080619244
Qualifying information (viaz.)
035 ## - SYSTEM CONTROL NUMBER
System control number 0CE92A58-CCAD-43ED-B172-704AB7195E5A
035 ## - SYSTEM CONTROL NUMBER
System control number urn:nbn:sk:snk-amtirp
035 ## - SYSTEM CONTROL NUMBER
System control number urn:nbn:sk:snk-am00c3a0
039 #9 - LEVEL OF BIBLIOGRAPHIC CONTROL AND CODING DETAIL [OBSOLETE]
Level of rules in bibliographic description 202403182205
Level of effort used to assign nonsubject heading access points VLOAD
Level of effort used to assign subject headings 202202061447
Level of effort used to assign classification AUTHORITY
Level of effort used to assign subject headings 202202061431
Level of effort used to assign classification AUTHORITY
Level of effort used to assign subject headings 201801241246
Level of effort used to assign classification VLOAD
040 ## - CATALOGING SOURCE
Original cataloging agency POKPOH
Language of cataloging slo
Transcribing agency POKPOH
Modifying agency SNK
Description conventions AACR2
041 0# - LANGUAGE CODE
Language code of text/sound track or separate title slo
044 ## - COUNTRY OF PUBLISHING/PRODUCING ENTITY CODE
MARC country code xo
ISO country code SK
072 #7 - SUBJECT CATEGORY CODE
Subject category code 821.162.4-3
Subject category code subdivision Slovenská próza
Source konspekt
072 #7 - SUBJECT CATEGORY CODE
Subject category code 821-93
Subject category code subdivision Literatúra pre deti a mládež (beletria)
Source konspekt
080 ## - UNIVERSAL DECIMAL CLASSIFICATION NUMBER
Universal Decimal Classification number 821.162.4-32
Edition identifier 2011
080 ## - UNIVERSAL DECIMAL CLASSIFICATION NUMBER
Universal Decimal Classification number 82-93-053.2
Edition identifier 2011
100 1# - MAIN ENTRY--PERSONAL NAME
Personal name Švenková, Viera,
Dates associated with a name 1937-
Relationship aut
245 10 - TITLE STATEMENT
Title Anička má prázdniny
Statement of responsibility, etc. Viera Švenková ; ilustrovala Anna Gajová
250 ## - EDITION STATEMENT
Edition statement 1. vyd.
260 ## - PUBLICATION, DISTRIBUTION, ETC.
Place of publication, distribution, etc. Bratislava
Name of publisher, distributor, etc. Vydavateľstvo Spolku slovenských spisovateľov
Date of publication, distribution, etc. 2016
300 ## - PHYSICAL DESCRIPTION
Extent 62 s.
Other physical details fareb. ilustr.
Dimensions 19 cm
655 #7 - INDEX TERM--GENRE/FORM
Genre/form data or focus term slovenské príbehy
Source of term SNKPH
655 #7 - INDEX TERM--GENRE/FORM
Genre/form data or focus term publikácie pre deti
Source of term SNKPH
655 #7 - INDEX TERM--GENRE/FORM
Genre/form data or focus term Slovak stories
Source of term SNKPHeng
655 #7 - INDEX TERM--GENRE/FORM
Genre/form data or focus term Children's literature
Source of term SNKPHeng
700 1# - ADDED ENTRY--PERSONAL NAME
Personal name Gajová, Anna,
Dates associated with a name 1964-
Relationship ill
910 ## - USER-OPTION DATA (OCLC)
User-option data pokpoh
910 ## - USER-OPTION DATA (OCLC)
User-option data sllk
910 ## - USER-OPTION DATA (OCLC)
User-option data pppk
910 ## - USER-OPTION DATA (OCLC)
User-option data savuk
910 ## - USER-OPTION DATA (OCLC)
User-option data snk
910 ## - USER-OPTION DATA (OCLC)
User-option data vthk
910 ## - USER-OPTION DATA (OCLC)
User-option data skpk
910 ## - USER-OPTION DATA (OCLC)
User-option data hevk
910 ## - USER-OPTION DATA (OCLC)
User-option data bjkdg
910 ## - USER-OPTION DATA (OCLC)
User-option data totk
942 ## - ADDED ENTRY ELEMENTS (KOHA)
Source of classification or shelving scheme Dewey Decimal Classification
Koha item type Krásna literatúra pre deti
Suppress in OPAC No
949 ## - LOCAL PROCESSING INFORMATION (OCLC)
6 17A1219428
a snkSD 85858 D1
b snk2017/226
o 2667/16
949 ## - LOCAL PROCESSING INFORMATION (OCLC)
6 2889317755
a savukPV 23188
b savuk2016/3763
949 ## - LOCAL PROCESSING INFORMATION (OCLC)
6 17A1219427
a snkSD 85858
b snk2017/225
o 2667/16
s 6100:20170125
949 ## - LOCAL PROCESSING INFORMATION (OCLC)
6 273K0568826
a svkpoA 234232
b svkpo611827
949 ## - LOCAL PROCESSING INFORMATION (OCLC)
6 0174031136
a lesknPRINT
b lesknBD2018/24324
949 ## - LOCAL PROCESSING INFORMATION (OCLC)
6 270001000552294
a svkbbA 149287
b svkbbm 765061
Holdings
Stav vyradenia Strata Poškodenie Spôsob nadobudnutia Domovská knižnica Aktuálna knižnica Dátum nadobudnutia Total checkouts Čiarový kód exemplára Date last seen Typ exemplára
      Dar Obecná knižnica Turčianska Štiavnička Obecná knižnica Turčianska Štiavnička 02.03.2026   4738000130 02.03.2026 Krásna literatúra pre deti
Projekt je podporený Slovenskou asociáciou knižníc
Prevádzkuje Turčianska knižnica Martin 2026